Drugs for pain (Record no. 31300)

MARC details
000 -LEADER
fixed length control field 00605nam a2200169 a 4500
008 - FIXED-LENGTH DATA ELEMENTS--GENERAL INFORMATION
fixed length control field 120217s2003 ||||||||||||||||| || u
020 ## - INTERNATIONAL STANDARD BOOK NUMBER
International Standard Book Number 1560535113
050 ## - LIBRARY OF CONGRESS CALL NUMBER
Classification number RM 319 Smi
100 ## - MAIN ENTRY--PERSONAL NAME
Personal name Smith, Howard S
245 10 - TITLE STATEMENT
Title Drugs for pain
Statement of responsibility, etc. by Howard S. Smith
260 ## - PUBLICATION, DISTRIBUTION, ETC.
Place of publication, distribution, etc. Philadelphia, PA:
Name of publisher, distributor, etc. Hanley & Belfus
Date of publication, distribution, etc. 2003
300 ## - PHYSICAL DESCRIPTION
Extent xiii, 528p.: ill.
350 ## -
-- 0.00
500 ## - GENERAL NOTE
General note Bibliography
650 ## - SUBJECT ADDED ENTRY--TOPICAL TERM
Topical term or geographic name entry element ANALGESICS
995 ## -
-- MICHAEL CHILUFYA SATA OPEN ACCESS
-- 901540
-- CBU-SCHOOL OF MEDICINE LIBRARY (Ndola)
-- 0.00
-- RM 319 Smi
-- 1
-- AVAILABLE
-- Jun 27, 2012
-- 901540
-- Medical Library Open Access Collection
999 ## -
-- 31300
-- 31300
Holdings
Withdrawn status Lost status Source of classification or shelving scheme Damaged status Not for loan Permanent Location Current Location Shelving location Date acquired Total Checkouts Full call number Barcode Date last seen Price effective from Koha item type
          CBU-SCHOOL OF MEDICINE LIBRARY, NDOLA. CBU-SCHOOL OF MEDICINE LIBRARY, NDOLA.   11/30/2022   RM 319 Smi 901540 11/30/2022 11/30/2022 MONOGRAPH